My Journey; (Record no. 7636)

MARC details
000 -LEADER
fixed length control field 00378nam a22001337a 4500
008 - FIXED-LENGTH DATA ELEMENTS--GENERAL INFORMATION
fixed length control field 190213b ||||| |||| 00| 0 eng d
020 ## - INTERNATIONAL STANDARD BOOK NUMBER
International Standard Book Number 9788129124913
082 ## - DEWEY DECIMAL CLASSIFICATION NUMBER
Classification number 954.05 K14m 2013
100 ## - MAIN ENTRY--PERSONAL NAME
Personal name Kalam, Abdul A.P.J.
245 ## - TITLE STATEMENT
Title My Journey;
Remainder of title Transforming dreams into actions
260 ## - PUBLICATION, DISTRIBUTION, ETC.
Place of publication, distribution, etc. New Delhi :
Name of publisher, distributor, etc. Rupa Publications,
Date of publication, distribution, etc. 2013.
300 ## - PHYSICAL DESCRIPTION
Extent xii, 147 p.
Dimensions 19 cm.
942 ## - Added entry Elements (Koha)
Source of classification or shelving scheme Dewey Decimal Classification
Holdings
Withdrawn status Lost status Source of classification or shelving scheme Damaged status Not for loan Collection code Home library Current library Shelving location Date acquired Cost, normal purchase price Serial Enumeration / chronology Total Checkouts Total Renewals Full call number Barcode Date last seen Date last checked out Price effective from Koha item type
    Dewey Decimal Classification     Main TEST RTC Library RTC Library Main opac 13/02/2019 175.00 13401 3 3 954.05 KAL 30013724 08/08/2022 20/07/2022 13/02/2019 Main
Royal Thimphu College || All Right Reserved